=LDR 00000nam 2200000 4500 =001 NUTBA000000000004262 =005 20140910084350.0 =006 =007 =008 =035 ##$$a 0010-091400000000295 =040 ##$$a NBPDMAT =082 ##$$a 507.6 =084 ##$$a 507.6 Dew i =100 ##$$a Dewi Retnaningati =245 ##$$a IPA Terpadu Untuk SMP/MTS Kelas VIII Semester 1 / $c Dewi Retnaningati =250 ##$$a Cet. 1 =260 ##$$a Klaten : $b Intan Pariwara, $c 2010 =300 ##$$a 204 hlm. : $b ilus. ; $c 28 cm. =650 ##$$a SAINS-SMP-SOAL DSB =990 ##$$a 21411152 =990 ##$$a 0001/BPAP-NTB/20142014 =990 ##$$a 0001/BPAP-NTB/20142014 =990 ##$$a 0001/BPAP-NTB/20142014 =990 ##$$a 0001/BPAP-NTB/20142014 =990 ##$$a 0001/BPAP-NTB/20142014 =990 ##$$a 0001/BPAP-NTB/20142014 =990 ##$$a 0001/BPAP-NTB/20142014 =990 ##$$a 0001/BPAP-NTB/20142014 =990 ##$$a 0001/BPAP-NTB/20142014